Normal view MARC view

Entry Personal Name

Number of records used in: 1

001 - CONTROL NUMBER

  • control field: 11585

003 - CONTROL NUMBER IDENTIFIER

  • control field: OSt

005 - DATE AND TIME OF LATEST TRANSACTION

  • control field: 20220918112001.0

008 - FIXED-LENGTH DATA ELEMENTS

  • fixed length control field: 220918|| aca||aabn | a|a d

040 ## - CATALOGING SOURCE

  • Original cataloging agency: OSt
  • Transcribing agency: OSt

100 ## - HEADING--PERSONAL NAME

  • Personal name: यादवेन्द्र शर्मा, चन्द्र

670 ## - SOURCE DATA FOUND

  • Source citation: Work cat.: (OSt)117725: यादवेन्द्र शर्मा, चन्द्र, आखिरी सांस तक, 1973
Copyright @ Delhi University Library System